Vấn đề giáo viên tiểu học hiện nay

Đã lưu trong:
Bibliografiske detaljer
Hovedforfatter: Nguyễn Văn Cát
Format: Bog
Sprog:Undetermined
Udgivet: Sài Gòn Học Viện Quốc gia Hành chánh 1969
Tags: Tilføj Tag
Ingen Tags, Vær først til at tagge denne postø!
Thư viện lưu trữ: Trung tâm Học liệu Trường Đại học Cần Thơ
LEADER 00538nam a2200169Ia 4500
001 CTU_36042
008 210402s9999 xx 000 0 und d
082 |a 372.6 
082 |b C110 
100 |a Nguyễn Văn Cát 
245 0 |a Vấn đề giáo viên tiểu học hiện nay 
245 0 |c Nguyễn Văn Cát 
260 |a Sài Gòn 
260 |b Học Viện Quốc gia Hành chánh 
260 |c 1969 
904 |i Nguyễn Quang Điền, 000410 
980 |a Trung tâm Học liệu Trường Đại học Cần Thơ